Co nám nejvíce komplikuje život

Bibliographic Details
Main Author: Hlavička, Josef (Author)
Format: Book
Language:Czech
Published: Bratislava Eugenika 2017
Edition:První vydání
Subjects:

MARC

LEADER 00000cam a2200000 4500
001 vtls011722148
003 SK-MaSNL
005 20260301183025.0
008 200228s2017 xo gr 010 e cze
020 |a 9788081005268  |q (brožované) 
035 |a urn:nbn:sk:snk-am00da7i 
035 |a urn:nbn:sk:snk-am3hv8s 
035 |a 114EC419-0C2E-4349-8A32-099B280081E9 
040 |a SNK  |b slo  |c SNK  |e rda 
041 0 |a cze 
044 |a xo  |c SK 
072 7 |a 159.92  |x Vývinová psychológia. Psychológia osobnosti  |2 konspekt 
080 |a 165.242.1  |2 2011 
080 |a 159.923.5  |2 2011 
080 |a (0.062)  |2 2011 
080 |a (0:82-4)  |2 2011 
100 1 |a Hlavička, Josef  |4 aut  |9 358150 
245 1 0 |a Co nám nejvíce komplikuje život  |c Josef Hlavička 
250 |a První vydání 
264 1 |a Bratislava  |b Eugenika  |c 2017 
300 |a 210 strán  |c 24 cm 
336 |a text  |b txt  |2 rdacontent 
337 |a bez média  |b n  |2 rdamedia 
338 |a zväzok  |b nc  |2 rdacarrier 
504 |a Bibliografia na strane 209-210 
650 0 7 |a sebapoznanie  |2 SNKPH  |9 4292 
650 0 7 |a sebavýchova  |2 SNKPH  |9 4290 
650 0 7 |a Self-consciousness  |2 SNKPHeng  |9 281701 
650 0 7 |a Self-culture  |2 SNKPHeng  |9 317679 
650 0 7 |a rozvoj osobnosti  |2 SNKPH  |9 63298 
650 0 7 |a Personality development  |2 SNKPHeng  |9 275896 
655 7 |a populárno-náučné publikácie  |2 SNKPH  |9 70460 
655 7 |a Popular works  |2 SNKPHeng  |9 90287 
655 7 |a úvahy  |2 SNKPH  |9 29403 
655 7 |a Essays  |2 SNKPHeng  |9 267540 
919 |a 978-80-8100-526-8 
958 |a CZ 
958 |a NB 
958 |a LX 
999 |c 855607  |d 857537 
952 |a SNK  |b SNK  |y PREZ  |7 0  |p 17A1307804  |o snkSC 177926  |i snk2018/2876  |8 0  |0 0  |1 0  |4 0  |d 2018-01-31  |f 1  |l 0  |r 2025-09-19 00:00:00  |w 2026-02-24 
952 |a SNK  |b SNK  |y VYP  |7 0  |p 17A1307805  |o snkSC 177926 D1  |i snk2018/2877  |8 0  |0 0  |1 0  |4 0  |d 2018-01-31  |l 0  |r 2026-02-24 04:55:24  |w 2026-02-24